| 000 | 00615cam a2200241ua 4500 | ||
|---|---|---|---|
| 020 | _c60.00 | ||
| 041 |
_aeng _h |
||
| 082 |
_a581.2 _bCHA/PR |
||
| 100 | _aChattopadhyay, S.B . | ||
| 245 |
_aPrinciples and procedures of plant pathology / _cS.B.Chattopadhyay. _hTextual Documents |
||
| 250 |
_a2 / _b. |
||
| 260 |
_aNew Delhi : _bOxford & IBH Publishing company , _c1985. |
||
| 300 | _a547 ; . | ||
| 365 | _a60.00 | ||
| 504 | _a | ||
| 942 | _cBK | ||
| 999 |
_c1909 _d1909 |
||